| 000 | 00941cam a22003017a 4500 | ||
|---|---|---|---|
| 003 | CHAP | ||
| 005 | 20220329134632.0 | ||
| 008 | 971013s1964 r 00010 d | ||
| 010 | _a23370 | ||
| 011 | _a24342 | ||
| 035 | _a28441 | ||
| 040 | _cCHAP | ||
| 082 |
_a334 _bC4 |
||
| 100 | 0 | 0 |
_aChávez Núñez, Fernando. _922743 |
| 245 | 1 | 3 | _aEl movimiento cooperativismo en América Latina |
| 260 |
_aWashington : _bUnión Panamericana. Departamento de Asuntos Sociales, _c1964 |
||
| 300 | _a27 p | ||
| 490 | 0 | _aUP/Ser.H/VII.6 | |
| 590 |
_aBATCH-UPD _b10 _c20130110 _lUCH01 _h2046 |
||
| 590 |
_aBATCH-UPD _b10 _c20130410 _lUCH01 _h1359 |
||
| 590 |
_aBATCH-UPD _b10 _c20130914 _lUCH01 _h0928 |
||
| 590 |
_aCONVERSION _b10 _c20130109 _lUCH01 _h1314 |
||
| 650 | 1 | 4 |
_aCooperativismo _xAmérica Latina. _927788 |
| 830 | 0 |
_aUP/Ser.H/VII.6 _9116799 |
|
| 901 | _aBK | ||
| 942 | _cLIBRO | ||
| 949 |
_a334 C4 _bBC _cLIBRO _d33724000334520 _eLIBRO _i28441 _mD _si |
||
| 999 |
_c23370 _d23370 |
||